Welcome to the Holygrace Academy Library

Please use search bar below to get started

TINKLE DIGEST (Record no. 7511)

MARC details
000 -LEADER
fixed length control field 00259nam a22001217a 4500
082 ## - DEWEY DECIMAL CLASSIFICATION NUMBER
Classification number 823
Item number PAI/T
100 ## - MAIN ENTRY--AUTHOR NAME
Personal name PAI, ANANT
245 ## - TITLE STATEMENT
Title TINKLE DIGEST
260 ## - PUBLICATION, DISTRIBUTION, ETC. (IMPRINT)
Place of publication BOMBAY
Name of publisher INDIA BOOK HOUSE
Year of publication 1994
300 ## - PHYSICAL DESCRIPTION
Number of Pages 94
650 ## - SUBJECT ADDED ENTRY--TOPICAL TERM
Topical Term ENGLISH STORY
Geographic subdivision INDIA
942 ## - ADDED ENTRY ELEMENTS (KOHA)
Koha item type Books
Holdings
Withdrawn status Lost status Collection code Home library Current library Date acquired Source of acquisition Cost, normal purchase price Full call number Accession Number Koha item type
Withdrawn Damaged Item Fiction Main Library Main Library 12/05/2004 purchase 20.00 823 PAI/T 00623 Books
Withdrawn Damaged Item Fiction Main Library Main Library 12/05/2004 purchase 20.00 823 PAI/T 00624 Books
Withdrawn Damaged Item Fiction Main Library Main Library 12/05/2004 purchase 20.00 823 PAI/T 00625 Books
Withdrawn Damaged Item Fiction Main Library Main Library 12/05/2004 purchase   823 PAI/T 00631 Books